000 00731nam a2200253 i 4500
001 88984
003 ES-MaACL
005 20250721145130.0
007 t|
008 050121s2003 sp ||||1| spa d
020 _a84-08-02549-X
080 _a551.5
245 0 0 _aObservar el tiempo /
_cWilliam J. Burroughs ... [et al.] ; Richard Whitaker, asesor técnico.
250 _a2ª ed.
260 _aBarcelona :
_bPlaneta,
_c2003.
300 _a288 p. ;
_c29 cm.
490 1 _aGeoplaneta
650 1 7 _aMeteorología
_2embne
_915017
700 1 _aBurroughs, William J.
_932777
700 1 _aWhitaker, Richard.
_9116644
830 0 _aGeoplaneta
_9188858
852 _aES-MaACL
_jL-28596
_bR.134642
999 _c88984
_d88984